| 000 | 01059cam a2200289 i 4500 | ||
|---|---|---|---|
| 001 | 018117449 | ||
| 003 | EG-ScBUE | ||
| 005 | 20240227140651.0 | ||
| 008 | 090928s2007 nyu f 000 0aeng d | ||
| 020 | _a9780143038412 | ||
| 040 |
_aTEFOD _beng _erda _cTEFOD _dTEFOD _dHOT _dOCLCF _dNRC _dYOL _dORE _dM$K _dAU@ _dMMI _dRECBK _dOCLCQ _dTEFOD _dYDXCP _dIDEBK _dOCLCQ _dUk _dEG-ScBUE |
||
| 043 | _an-us--- | ||
| 082 | 0 | 4 |
_a910.4092 _222 _bGIL |
| 100 | 1 |
_aGilbert, Elizabeth, _d1969- _eauthor. _924511 |
|
| 245 | 1 | 0 |
_aEat, pray, love : _bone woman's search for everything across Italy, India and Indonesia / _cElizabeth Gilbert. |
| 264 | 1 |
_aNew York : _bPenguin Books, _c2007. |
|
| 300 |
_a333 pages ; _c18 cm |
||
| 336 |
_2rdacontent _atext _btxt |
||
| 337 |
_aunmediated _2rdamedia _bn |
||
| 338 |
_avolume _bnc _2rdacarrier |
||
| 600 | 1 | 7 |
_aGilbert, Elizabeth, _d1969- _xTravel. _2BUEsh _915656 |
| 650 | 7 |
_aTravel writers _zUnited States _vBiography. _2BUEsh _915657 |
|
| 651 | _2BUEsh | ||
| 653 |
_bGGEN _cJanuary2018 _dBestSellers |
||
| 655 | _vReading book | ||
| 942 |
_2ddc _cBB |
||
| 999 |
_c25991 _d25963 |
||